000 00871nam a22002897a 4500
001 BR9606394
003 BR-BrBNA
005 20230928095310.0
007 ta
008 230509b bl.||||| |||| 00| 0 por d
040 _aBR-BrBNA
_bpor
_cBiblioteca Nacional de Agricultura
041 _a(Eng)
072 _aP36
090 _ P36 BR9606394
110 1 _aCentro de Pesquisa Agropecuaria do Tropico Umido, Belem, PA (Brasil)
110 1 _aDeutsche Gesellschaft fur Technische Zusammenarbeit (GTZ)
245 1 _aStudies on the utilization and conservation of soil in the eastern amazon region
260 3 _aEschborn (Germany):
_c1991.
300 _a281 p.
650 _aConservacao do Solo
650 _aAmazonia
650 _aUso da Terra
650 _aManejo do Solo
650 _aMateria Organica
909 _a202309
_bLucia
_c55
_dLucia Elande
942 _cBK
999 _c55729
_d55729